[Event "2023 US National Elementary K-6 Championship"]
[Site "Baltimore, Maryland, United States"]
[Date "2023.05.12"]
[Round "2.6"]
[White "Williams, Oscar"]
[Black "Javeri, Riaan"]
[Result "1-0"]
[TimeControl "G/90; d10"]
[WhiteElo "2025"]
[BlackElo "1612"]

1. e4 {[%clk 01:30:00]} {[%emt 00:00:03]} c6 {[%clk 01:30:00]} {[%emt
00:00:33]} 2. d4 {[%clk 01:30:00]} d5 {[%clk 01:30:00]} 3. e5 {[%clk 01:30:00]}
c5 {[%clk 01:30:00]} 4. Nf3 {[%clk 01:30:00]} Nc6 {[%clk 01:30:00]} 5. c4
{[%clk 01:30:00]} Bg4 {[%clk 01:28:02]} {[%emt 00:02:05]} 6. dxc5 {[%clk
01:29:35]} {[%emt 00:00:31]} e6 {[%clk 01:27:26]} {[%emt 00:00:49]} 7. cxd5
{[%clk 01:28:24]} {[%emt 00:01:18]} exd5 {[%clk 01:26:52]} {[%emt 00:00:43]} 8.
Nc3 {[%clk 01:26:38]} {[%emt 00:02:34]} d4 {[%clk 01:25:18]} {[%emt 00:01:38]}
9. Ne4 {[%clk 01:25:31]} {[%emt 00:00:49]} Nxe5 {[%clk 01:22:41]} {[%emt
00:03:04]} 10. Bb5+ {[%clk 01:24:05]} {[%emt 00:01:15]} Nc6 {[%clk 01:21:42]}
{[%emt 00:01:11]} 11. Bxc6+ {[%clk 01:16:28]} {[%emt 00:07:46]} bxc6 {[%clk
01:21:28]} {[%emt 00:00:47]} 12. Qxd4 {[%clk 01:16:25]} Bxf3 {[%clk 01:20:52]}
{[%emt 00:00:37]} 13. Qe5+ {[%clk 01:15:01]} {[%emt 00:01:42]} Qe7 {[%clk
01:17:08]} {[%emt 00:03:50]} 14. Qxe7+ {[%clk 01:13:00]} {[%emt 00:02:05]} Nxe7
{[%clk 01:16:15]} {[%emt 00:01:03]} 15. gxf3 {[%clk 01:09:16]} {[%emt
00:03:57]} Nd5 {[%clk 01:14:22]} {[%emt 00:02:02]} 16. Be3 {[%clk 01:08:10]}
{[%emt 00:01:17]} f5 {[%clk 01:06:09]} {[%emt 00:08:23]} 17. Ng5 {[%clk
01:06:21]} {[%emt 00:01:56]} Nxe3 {[%clk 01:02:26]} {[%emt 00:04:19]} 18. fxe3
{[%clk 01:05:34]} {[%emt 00:00:35]} Bxc5 {[%clk 01:02:20]} {[%emt 00:00:39]} 19.
Ne6 {[%clk 01:04:32]} {[%emt 00:01:07]} Bb4+ {[%clk 01:02:20]} 20. Ke2 {[%clk
01:02:12]} {[%emt 00:02:17]} Kf7 {[%clk 00:57:54]} {[%emt 00:04:34]} 21. Nd4
{[%clk 01:01:40]} {[%emt 00:00:44]} g6 {[%clk 00:50:56]} {[%emt 00:07:04]} 22.
Nxc6 {[%clk 01:01:04]} {[%emt 00:00:47]} Bc5 {[%clk 00:50:00]} {[%emt
00:01:06]} 23. Rac1 {[%clk 01:00:26]} {[%emt 00:00:48]} Bb6 {[%clk 00:50:00]}
{[%emt 00:00:39]} 24. Ne5+ {[%clk 00:57:03]} {[%emt 00:03:20]} Kg7 {[%clk
00:48:43]} {[%emt 00:01:09]} 25. Rhd1 {[%clk 00:55:54]} {[%emt 00:01:18]} Rad8
{[%clk 00:44:56]} {[%emt 00:04:09]} 26. h3 {[%clk 00:51:45]} {[%emt 00:04:07]}
Rhe8 {[%clk 00:43:06]} {[%emt 00:02:03]} 27. Rxd8 {[%clk 00:50:10]} {[%emt
00:01:41]} Rxd8 {[%clk 00:42:36]} {[%emt 00:00:41]} 28. Nc4 {[%clk 00:49:00]}
{[%emt 00:01:20]} Bc5 {[%clk 00:38:13]} {[%emt 00:04:34]} 29. a3 {[%clk
00:44:34]} {[%emt 00:04:37]} Re8 {[%clk 00:36:44]} {[%emt 00:01:42]} 30. f4
{[%clk 00:40:53]} {[%emt 00:03:50]} Rd8 {[%clk 00:34:07]} {[%emt 00:02:43]} 31.
b4 {[%clk 00:37:50]} {[%emt 00:03:32]} Be7 {[%clk 00:33:13]} {[%emt 00:00:46]}
32. Ne5 {[%clk 00:36:45]} {[%emt 00:01:15]} Bd6 {[%clk 00:32:27]} {[%emt
00:00:58]} 33. Rd1 {[%clk 00:34:35]} {[%emt 00:02:23]} Kf6 {[%clk 00:31:39]}
{[%emt 00:00:52]} 34. Kf3 {[%clk 00:33:10]} {[%emt 00:01:36]} Ke6 {[%clk
00:31:35]} {[%emt 00:00:28]} 35. Nc4 {[%clk 00:31:36]} {[%emt 00:01:48]} Be7
{[%clk 00:27:28]} {[%emt 00:03:58]} 36. Rxd8 {[%clk 00:31:01]} {[%emt
00:00:48]} Bxd8 {[%clk 00:27:28]} {[%emt 00:00:19]} 37. e4 {[%clk 00:30:28]}
{[%emt 00:00:25]} fxe4+ {[%clk 00:26:52]} {[%emt 00:00:46]} 38. Kxe4 {[%clk
00:30:28]} {[%emt 00:00:34]} g5 {[%clk 00:25:37]} {[%emt 00:00:54]} 39. f5+
{[%clk 00:26:45]} {[%emt 00:03:59]} Kf6 {[%clk 00:25:20]} {[%emt 00:00:22]} 40.
Ne3 {[%clk 00:24:19]} {[%emt 00:02:37]} h5 {[%clk 00:22:46]} {[%emt 00:02:48]}
41. Nd5+ {[%clk 00:24:19]} {[%emt 00:00:05]} Kf7 {[%clk 00:22:43]} {[%emt
00:00:40]} 42. a4 {[%clk 00:23:04]} {[%emt 00:00:58]} Kg7 {[%clk 00:19:41]}
{[%emt 00:03:12]} 43. b5 {[%clk 00:21:23]} {[%emt 00:01:51]} Kf7 {[%clk
00:17:32]} {[%emt 00:02:21]} 44. Ke5 {[%clk 00:19:36]} {[%emt 00:01:55]} Kf8
{[%clk 00:16:03]} {[%emt 00:01:45]} 45. f6 {[%clk 00:18:22]} {[%emt 00:01:41]}
Kf7 {[%clk 00:15:26]} {[%emt 00:00:24]} 46. Kf5 {[%clk 00:16:14]} {[%emt
00:02:18]} g4 {[%clk 00:15:26]} {[%emt 00:00:21]} 47. hxg4 {[%clk 00:15:54]}
{[%emt 00:00:13]} hxg4 {[%clk 00:15:23]} {[%emt 00:00:12]} 48. Kxg4 {[%clk
00:15:37]} {[%emt 00:00:26]} Ke6 {[%clk 00:15:03]} {[%emt 00:00:29]} 49. f7
{[%clk 00:11:46]} {[%emt 00:04:01]} Kxf7 {[%clk 00:14:50]} {[%emt 00:00:23]} 50.
Kf5 {[%clk 00:11:46]} {[%emt 00:00:14]} Ba5 {[%clk 00:13:33]} {[%emt 00:01:23]}
51. Ke5 {[%clk 00:11:43]} {[%emt 00:00:12]} Ke8 {[%clk 00:13:09]} {[%emt
00:00:38]} 52. Kd6 {[%clk 00:10:53]} {[%emt 00:00:58]} Kd8 {[%clk 00:12:55]}
{[%emt 00:00:24]} 53. Kc6 {[%clk 00:09:10]} {[%emt 00:01:53]} Kc8 {[%clk
00:12:35]} {[%emt 00:00:28]} 54. Ne3 {[%clk 00:08:00]} {[%emt 00:01:27]} Bb6
{[%clk 00:11:45]} {[%emt 00:00:52]} 55. Nc4 {[%clk 00:07:57]} {[%emt 00:00:13]}
Bf2 {[%clk 00:08:55]} {[%emt 00:03:01]} 56. a5 {[%clk 00:05:52]} {[%emt
00:02:15]} Kb8 {[%clk 00:08:40]} {[%emt 00:00:32]} 57. Ne5 {[%clk 00:03:28]}
{[%emt 00:02:26]} Bg1 {[%clk 00:07:34]} {[%emt 00:01:16]} 58. Nd3 {[%clk
00:02:34]} {[%emt 00:01:06]} Bd4 {[%clk 00:06:08]} {[%emt 00:01:35]} 59. Nb4
{[%clk 00:01:59]} {[%emt 00:00:45]} Be3 {[%clk 00:05:07]} {[%emt 00:01:20]} 60.
Na6+ {[%clk 00:01:54]} {[%emt 00:00:06]} Kc8 {[%clk 00:04:34]} {[%emt
00:00:43]} 61. Nc7 {[%clk 00:01:50]} {[%emt 00:00:16]} Kb8 {[%clk 00:04:23]}
{[%emt 00:00:20]} 62. Ne6 {[%clk 00:01:23]} {[%emt 00:00:36]} Bf2 {[%clk
00:02:58]} {[%emt 00:01:42]} 63. a6 {[%clk 00:01:23]} {[%emt 00:00:13]} Bb6
{[%clk 00:02:48]} {[%emt 00:00:10]} 64. Nf8 {[%clk 00:01:23]} {[%emt 00:00:18]}
Ba5 {[%clk 00:01:46]} {[%emt 00:01:03]} 65. Nd7+ {[%clk 00:01:12]} {[%emt
00:00:17]} Ka8 {[%clk 00:01:46]} {[%emt 00:00:10]} 66. Nf6 {[%clk 00:00:57]}
{[%emt 00:00:23]} Bb6 {[%clk 00:01:37]} {[%emt 00:00:19]} 67. Kd7 {[%clk
00:00:57]} {[%emt 00:00:14]} Ba5 {[%clk 00:01:37]} 68. Kc8 {[%clk 00:00:57]}
{[%emt 00:00:05]} Bb6 {[%clk 00:01:33]} {[%emt 00:00:14]} 69. Nd5 {[%clk
00:00:57]} {[%emt 00:00:07]} Ba5 {[%clk 00:01:33]} {[%emt 00:00:05]} 70. Ne3
{[%clk 00:00:47]} {[%emt 00:00:20]} Be1 {[%clk 00:00:53]} {[%emt 00:00:50]} 71.
Nc4 {[%clk 00:00:47]} {[%emt 00:00:08]} Bf2 {[%clk 00:00:53]} {[%emt 00:00:04]}
72. Nd6 {[%clk 00:00:43]} {[%emt 00:00:10]} Bb6 {[%clk 00:00:53]} {[%emt
00:00:09]} 73. Ne8 {[%clk 00:00:38]} {[%emt 00:00:14]} Ba5 {[%clk 00:00:53]}
{[%emt 00:00:15]} 74. Nf6 {[%clk 00:00:38]} {[%emt 00:00:05]} Bb6 {[%clk
00:00:53]} {[%emt 00:00:04]} 75. Ne4 {[%clk 00:00:38]} {[%emt 00:00:03]} Bg1
{[%clk 00:00:53]} {[%emt 00:00:08]} 76. Nd6 {[%clk 00:00:36]} {[%emt 00:00:08]}
Bb6 {[%clk 00:00:45]} {[%emt 00:00:31]} 77. Nc4 {[%clk 00:00:36]} Bg1 {[%clk
00:00:45]} 78. Nb2 {[%clk 00:00:35]} {[%emt 00:00:08]} Bb6 {[%clk 00:00:45]}
{[%emt 00:00:03]} 79. Na4 {[%clk 00:00:35]} Bg1 {[%clk 00:00:45]} {[%emt
00:00:03]} 80. Kc7 {[%clk 00:00:35]} {[%emt 00:00:05]} Bh2+ {[%clk 00:00:45]}
{[%emt 00:00:25]} 81. Kc6 {[%clk 00:00:35]} Bg1 {[%clk 00:00:45]} {[%emt
00:00:09]} 82. Nc3 {[%clk 00:00:35]} Be3 {[%clk 00:00:45]} 83. Nd5 {[%clk
00:00:35]} Bg1 {[%clk 00:00:45]} 84. Kc7 {[%clk 00:00:35]} Bh2+ {[%clk
00:00:45]} 85. Kc6 {[%clk 00:00:35]} {[%emt 00:00:03]} Bg1 {[%clk 00:00:45]} 86.
Kd7 {[%clk 00:00:35]} {[%emt 00:00:09]} Bf2 {[%clk 00:00:45]} {[%emt 00:00:05]}
87. Kc8 {[%clk 00:00:35]} {[%emt 00:00:17]} Bg3 {[%clk 00:00:43]} {[%emt
00:00:03]} 88. Ne3 {[%clk 00:00:35]} {[%emt 00:00:05]} Bf2 {[%clk 00:00:41]}
{[%emt 00:00:13]} 89. Nf5 {[%clk 00:00:35]} {[%emt 00:00:07]} Bb6 {[%clk
00:00:41]} {[%emt 00:00:04]} 90. Nd6 {[%clk 00:00:35]} {[%emt 00:00:08]} Bg1
{[%clk 00:00:41]} {[%emt 00:00:10]} 91. Ne8 {[%clk 00:00:35]} {[%emt 00:00:07]}
Bb6 {[%clk 00:00:41]} 92. Kd7 {[%clk 00:00:35]} {[%emt 00:00:08]} Kb8 {[%clk
00:00:38]} {[%emt 00:00:25]} 93. Ng7 {[%clk 00:00:35]} Ka8 {[%clk 00:00:38]} 94.
Ne6 {[%clk 00:00:35]} Kb8 {[%clk 00:00:38]} {[%emt 00:00:08]} 95. Nf4 {[%clk
00:00:35]} {[%emt 00:00:03]} Ka8 {[%clk 00:00:38]} {[%emt 00:00:03]} 96. Nd5
{[%clk 00:00:35]} {[%emt 00:00:06]} Ba5 {[%clk 00:00:38]} {[%emt 00:00:05]} 97.
Kc8 {[%clk 00:00:35]} {[%emt 00:00:09]} Bb6 {[%clk 00:00:27]} {[%emt 00:00:12]}
98. Nxb6+ {[%clk 00:00:35]} {[%emt 00:00:11]} axb6 {[%emt 00:00:04]} 99. Kc7
{[%clk 00:00:35]} Ka7 {[%clk 00:00:27]} 100. Kc6 {[%clk 00:00:35]} {[%emt
00:00:03]} Kb8 {[%clk 00:00:27]} 101. Kxb6 {[%clk 00:00:35]} {[%emt 00:00:04]}
Ka8 {[%clk 00:00:27]} 102. Kc7 {[%clk 00:00:35]} {[%emt 00:00:04]} Ka7 {[%clk
00:00:27]} 103. b6+ {[%clk 00:00:35]} {[%emt 00:00:04]} Kxa6 {[%clk 00:00:27]}
{[%emt 00:00:09]} 104. b7 {[%clk 00:00:35]} Ka5 {[%clk 00:00:27]} 105. b8=Q
{[%clk 00:00:35]} {[%emt 00:00:04]} Ka4 {[%clk 00:00:27]} 106. Qb2 {[%clk
00:00:35]} Ka5 {[%clk 00:00:27]} 107. Kc6 {[%clk 00:00:35]} Ka6 {[%clk
00:00:27]} {[%emt 00:00:04]} 108. Qa3# {[%clk 00:00:35]} 1-0

[Event "2023 US National Elementary K-6 Championship"]
[Site "Baltimore, Maryland, United States"]
[Date "2023.05.12"]
[Round "2.20"]
[White "Li, Sophie"]
[Black "Mutha, Kabir"]
[Result "1/2-1/2"]
[TimeControl "G/90; d10"]
[WhiteElo "1818"]
[BlackElo "1338"]

1. e4 {[%clk 01:30:00]} c5 {[%clk 01:30:00]} 2. Nf3 {[%clk 01:30:00]} {[%emt
00:00:06]} d6 {[%clk 01:29:58]} 3. Bc4 {[%clk 01:29:51]} {[%emt 00:00:07]} e6
{[%clk 01:29:57]} {[%emt 00:00:15]} 4. Nc3 {[%clk 01:29:43]} {[%emt 00:00:17]}
Nf6 {[%clk 01:29:48]} {[%emt 00:00:15]} 5. Bb3 {[%clk 01:28:55]} {[%emt
00:00:59]} Nc6 {[%clk 01:29:34]} {[%emt 00:00:28]} 6. d3 {[%clk 01:28:34]}
{[%emt 00:00:27]} Be7 {[%clk 01:29:16]} {[%emt 00:00:28]} 7. O-O {[%clk
01:28:23]} {[%emt 00:00:23]} O-O {[%clk 01:29:15]} {[%emt 00:00:27]} 8. Re1
{[%clk 01:27:31]} {[%emt 00:00:45]} a6 {[%clk 01:28:57]} {[%emt 00:00:35]} 9.
a4 {[%clk 01:26:43]} {[%emt 00:00:50]} b6 {[%clk 01:27:36]} {[%emt 00:01:32]}
10. Bf4 {[%clk 01:25:44]} {[%emt 00:01:06]} Bb7 {[%clk 01:27:15]} {[%emt
00:00:36]} 11. d4 {[%clk 01:25:33]} {[%emt 00:00:26]} cxd4 {[%clk 01:27:14]}
{[%emt 00:00:08]} 12. Nxd4 {[%clk 01:25:33]} {[%emt 00:00:06]} Nxd4 {[%clk
01:27:14]} {[%emt 00:00:18]} 13. Qxd4 {[%clk 01:25:21]} {[%emt 00:00:09]} e5
{[%clk 01:27:14]} {[%emt 00:00:09]} 14. Bxe5 {[%clk 01:25:18]} {[%emt
00:00:26]} dxe5 {[%clk 01:27:14]} 15. Qxe5 {[%clk 01:25:18]} {[%emt 00:00:31]}
Bd6 {[%clk 01:26:50]} {[%emt 00:00:06]} 16. Qf5 {[%clk 01:24:53]} {[%emt
00:00:54]} Qc7 {[%clk 01:25:55]} {[%emt 00:00:41]} 17. e5 {[%clk 01:23:58]}
{[%emt 00:00:58]} Qc6 {[%clk 01:23:48]} {[%emt 00:02:17]} 18. Qf3 {[%clk
01:20:57]} {[%emt 00:03:14]} Qc8 {[%clk 01:23:33]} {[%emt 00:00:39]} 19. Qh3
{[%clk 01:20:16]} {[%emt 00:00:32]} Qxh3 {[%clk 01:22:48]} {[%emt 00:00:58]} 20.
gxh3 {[%clk 01:20:16]} {[%emt 00:00:12]} Bc5 {[%clk 01:21:45]} {[%emt
00:01:15]} 21. exf6 {[%clk 01:19:54]} {[%emt 00:00:37]} gxf6 {[%clk 01:21:40]}
{[%emt 00:00:20]} 22. Bd5 {[%clk 01:19:08]} {[%emt 00:00:40]} Rab8 {[%clk
01:19:26]} {[%emt 00:02:27]} 23. Re4 {[%clk 01:17:04]} {[%emt 00:02:37]} Bc8
{[%clk 01:17:55]} {[%emt 00:01:25]} 24. Rae1 {[%clk 01:13:57]} {[%emt
00:03:21]} Bxh3 {[%clk 01:17:17]} {[%emt 00:00:35]} 25. Rh4 {[%clk 01:12:39]}
{[%emt 00:01:26]} Bf5 {[%clk 01:15:50]} {[%emt 00:01:41]} 26. Be4 {[%clk
01:08:16]} {[%emt 00:04:30]} Bg6 {[%clk 01:15:50]} {[%emt 00:00:20]} 27. Rf4
{[%clk 01:06:50]} {[%emt 00:01:29]} Kg7 {[%clk 01:11:52]} {[%emt 00:04:15]} 28.
Nd5 {[%clk 01:00:39]} {[%emt 00:06:16]} Bd4 {[%clk 01:11:46]} {[%emt 00:00:11]}
29. Bxg6 {[%clk 00:59:07]} {[%emt 00:01:41]} Be5 {[%clk 01:11:46]} {[%emt
00:00:26]} 30. Rb4 {[%clk 00:59:03]} {[%emt 00:00:07]} fxg6 {[%clk 01:11:38]}
{[%emt 00:00:07]} 31. Nxb6 {[%clk 00:56:52]} {[%emt 00:02:20]} Rfd8 {[%clk
01:09:42]} {[%emt 00:02:03]} 32. c3 {[%clk 00:50:00]} {[%emt 00:07:02]} Bd6
{[%clk 01:09:41]} {[%emt 00:00:13]} 33. Rb3 {[%clk 00:50:00]} {[%emt 00:00:07]}
Bc5 {[%clk 01:09:25]} {[%emt 00:00:29]} 34. a5 {[%clk 00:47:23]} {[%emt
00:02:45]} Rd2 {[%clk 01:09:18]} {[%emt 00:00:27]} 35. Rf1 {[%clk 00:46:02]}
{[%emt 00:01:19]} Rd6 {[%clk 01:08:29]} {[%emt 00:00:59]} 36. c4 {[%clk
00:44:16]} {[%emt 00:01:58]} Re6 {[%clk 01:05:40]} {[%emt 00:02:59]} 37. Nd7
{[%clk 00:41:29]} {[%emt 00:02:54]} Bxf2+ {[%clk 01:05:28]} {[%emt 00:00:22]}
38. Rxf2 {[%clk 00:41:09]} {[%emt 00:00:40]} Rxb3 {[%clk 01:05:24]} {[%emt
00:00:08]} 39. Nc5 {[%clk 00:41:09]} {[%emt 00:00:06]} Re1+ {[%clk 01:05:22]}
{[%emt 00:00:09]} 40. Kg2 {[%clk 00:41:09]} {[%emt 00:00:13]} Rbe3 {[%clk
01:04:29]} {[%emt 00:00:54]} 41. Nxa6 {[%clk 00:40:35]} {[%emt 00:00:44]} Ra1
{[%clk 01:04:28]} {[%emt 00:00:18]} 42. b4 {[%clk 00:40:11]} {[%emt 00:00:30]}
Re4 {[%clk 01:02:25]} {[%emt 00:02:09]} 43. c5 {[%clk 00:39:20]} {[%emt
00:01:17]} Rg4+ {[%clk 01:00:24]} {[%emt 00:01:59]} 44. Kf3 {[%clk 00:38:30]}
{[%emt 00:00:58]} Rc4 {[%clk 01:00:02]} {[%emt 00:00:31]} 45. h3 {[%clk
00:37:39]} {[%emt 00:01:01]} Ra3+ {[%clk 00:58:35]} {[%emt 00:01:42]} 46. Kg2
{[%clk 00:37:07]} {[%emt 00:00:35]} Rcc3 {[%clk 00:57:57]} {[%emt 00:01:01]} 47.
Nc7 {[%clk 00:36:26]} {[%emt 00:00:40]} Rg3+ {[%clk 00:57:17]} {[%emt
00:00:47]} 48. Kf1 {[%clk 00:36:06]} {[%emt 00:00:30]} Ra1+ {[%clk 00:57:17]}
{[%emt 00:00:12]} 49. Ke2 {[%clk 00:35:44]} {[%emt 00:00:32]} Ra2+ {[%clk
00:57:17]} {[%emt 00:00:05]} 50. Kf1 {[%clk 00:35:44]} {[%emt 00:00:12]}
1/2-1/2

[Event "2023 US National Elementary K-6 Championship"]
[Site "Baltimore, Maryland, United States"]
[Date "2023.05.12"]
[Round "2.10"]
[White "Stringer, Maxwell"]
[Black "Rallabandi, Krishna"]
[Result "0-1"]
[TimeControl "G/90; d10"]
[WhiteElo "1609"]
[BlackElo "2095"]

1. d4 {[%clk 01:30:00]} Nf6 {[%clk 01:28:15]} {[%emt 00:01:55]} 2. c4 {[%clk
01:30:00]} {[%emt 00:00:05]} g6 {[%clk 01:27:45]} {[%emt 00:00:40]} 3. Nf3
{[%clk 01:30:00]} {[%emt 00:00:06]} Bg7 {[%clk 01:27:29]} {[%emt 00:00:26]} 4.
Nc3 {[%clk 01:30:00]} {[%emt 00:00:07]} d5 {[%clk 01:27:07]} {[%emt 00:00:32]}
5. cxd5 {[%clk 01:29:16]} {[%emt 00:00:55]} Nxd5 {[%clk 01:26:59]} {[%emt
00:00:18]} 6. Nxd5 {[%clk 01:29:11]} {[%emt 00:00:14]} Qxd5 {[%clk 01:26:59]}
{[%emt 00:00:05]} 7. Bf4 {[%clk 01:29:10]} {[%emt 00:00:11]} c5 {[%clk
01:26:02]} {[%emt 00:01:07]} 8. dxc5 {[%clk 01:27:24]} {[%emt 00:01:56]} Qxd1+
{[%clk 01:23:49]} {[%emt 00:02:23]} 9. Rxd1 {[%clk 01:27:24]} {[%emt 00:00:04]}
Bxb2 {[%clk 01:23:32]} {[%emt 00:00:27]} 10. e3 {[%clk 01:27:05]} {[%emt
00:00:28]} Bc3+ {[%clk 01:22:28]} {[%emt 00:01:14]} 11. Nd2 {[%clk 01:27:05]}
{[%emt 00:00:11]} O-O {[%clk 01:20:55]} {[%emt 00:01:42]} 12. Be2 {[%clk
01:24:58]} {[%emt 00:02:17]} Be6 {[%clk 01:08:04]} {[%emt 00:13:01]} 13. Bf3
{[%clk 01:23:01]} {[%emt 00:02:05]} Nc6 {[%clk 01:07:39]} {[%emt 00:00:36]} 14.
a4 {[%clk 01:23:01]} {[%emt 00:00:05]} Rfd8 {[%clk 01:03:51]} {[%emt 00:03:58]}
15. e4 {[%clk 01:21:08]} {[%emt 00:02:02]} Bb3 {[%clk 01:01:19]} {[%emt
00:02:44]} 16. Rb1 {[%clk 01:20:05]} {[%emt 00:01:12]} Bxa4 {[%clk 01:00:40]}
{[%emt 00:00:50]} 17. Rxb7 {[%clk 01:19:59]} {[%emt 00:00:16]} Na5 {[%clk
00:59:44]} {[%emt 00:01:05]} 18. e5 {[%clk 01:10:13]} {[%emt 00:09:56]} Nc4
{[%clk 00:58:32]} {[%emt 00:01:22]} 19. Rxe7 {[%clk 01:07:41]} {[%emt
00:02:42]} Rab8 {[%clk 00:55:28]} {[%emt 00:03:14]} 20. Rxa7 {[%clk 01:04:28]}
{[%emt 00:03:23]} Nxd2 {[%clk 00:54:29]} {[%emt 00:01:09]} 21. e6 {[%clk
01:01:54]} {[%emt 00:02:44]} Rb1+ {[%clk 00:53:00]} {[%emt 00:01:39]} 22. Ke2
{[%clk 01:01:08]} {[%emt 00:00:55]} Bb5+ {[%clk 00:53:00]} {[%emt 00:00:06]} 23.
Ke3 {[%clk 01:00:51]} {[%emt 00:00:27]} Rd3+ {[%clk 00:52:52]} {[%emt
00:00:19]} 24. Ke2 {[%clk 01:00:32]} {[%emt 00:00:29]} Rxf3# {[%clk 00:52:52]}
{[%emt 00:00:05]} 0-1

[Event "2023 US National Elementary K-6 Championship"]
[Site "Baltimore, Maryland, United States"]
[Date "2023.05.12"]
[Round "2.17"]
[White "Li, Albert"]
[Black "Yang, Aimee"]
[Result "0-1"]
[TimeControl "G/90; d10"]
[WhiteElo "1345"]
[BlackElo "1917"]

1. e4 {[%clk 01:30:00]} {[%emt 00:00:08]} c6 {[%clk 01:30:00]} {[%emt
00:00:19]} 2. Nf3 {[%clk 01:30:00]} d5 {[%clk 01:30:00]} {[%emt 00:00:06]} 3.
Nc3 {[%clk 01:29:56]} Bg4 {[%clk 01:29:23]} {[%emt 00:00:43]} 4. d3 {[%clk
01:28:35]} {[%emt 00:01:29]} e6 {[%clk 01:29:05]} {[%emt 00:00:31]} 5. h3
{[%clk 01:28:08]} {[%emt 00:00:43]} Bxf3 {[%clk 01:29:03]} {[%emt 00:00:06]} 6.
Qxf3 {[%clk 01:27:59]} {[%emt 00:00:27]} Nd7 {[%clk 01:28:41]} {[%emt
00:00:21]} 7. d4 {[%clk 01:25:27]} {[%emt 00:02:43]} Bb4 {[%clk 01:27:02]}
{[%emt 00:02:03]} 8. exd5 {[%clk 01:24:43]} {[%emt 00:00:43]} cxd5 {[%clk
01:24:31]} {[%emt 00:02:38]} 9. a3 {[%clk 01:23:56]} {[%emt 00:01:22]} Ba5
{[%clk 01:20:19]} {[%emt 00:03:58]} 10. Qg3 {[%clk 01:22:11]} {[%emt 00:02:08]}
Qf6 {[%clk 01:18:45]} {[%emt 00:01:30]} 11. Be3 {[%clk 01:21:28]} {[%emt
00:01:00]} Ne7 {[%clk 01:16:24]} {[%emt 00:02:20]} 12. Bb5 {[%clk 01:16:50]}
{[%emt 00:04:54]} Nc6 {[%clk 01:07:09]} {[%emt 00:09:36]} 13. O-O {[%clk
01:09:17]} {[%emt 00:07:41]} O-O {[%clk 01:04:41]} {[%emt 00:02:35]} 14. Ne2
{[%clk 01:07:19]} {[%emt 00:02:00]} Qe7 {[%clk 00:55:41]} {[%emt 00:09:13]} 15.
b4 {[%clk 01:03:22]} {[%emt 00:04:03]} Bb6 {[%clk 00:54:25]} {[%emt 00:01:26]}
16. Rfe1 {[%clk 01:02:06]} {[%emt 00:01:28]} Rac8 {[%clk 00:50:31]} {[%emt
00:04:04]} 17. c3 {[%clk 01:00:37]} {[%emt 00:01:40]} a6 {[%clk 00:46:25]}
{[%emt 00:04:16]} 18. Bxc6 {[%clk 01:00:07]} {[%emt 00:00:37]} Rxc6 {[%clk
00:45:56]} {[%emt 00:00:42]} 19. Bd2 {[%clk 00:59:22]} {[%emt 00:00:55]} Bc7
{[%clk 00:43:48]} {[%emt 00:02:16]} 20. Bf4 {[%clk 00:59:02]} {[%emt 00:00:29]}
Bxf4 {[%clk 00:43:29]} {[%emt 00:00:27]} 21. Nxf4 {[%clk 00:57:39]} {[%emt
00:01:37]} Nf6 {[%clk 00:43:29]} {[%emt 00:00:06]} 22. Qd3 {[%clk 00:55:11]}
{[%emt 00:02:45]} Qc7 {[%clk 00:40:51]} {[%emt 00:02:39]} 23. Ne2 {[%clk
00:54:10]} {[%emt 00:01:10]} Ne4 {[%clk 00:39:35]} {[%emt 00:01:26]} 24. Qf3
{[%clk 00:52:00]} {[%emt 00:02:56]} Nxc3 {[%clk 00:39:05]} {[%emt 00:00:21]} 25.
Nf4 {[%clk 00:51:28]} {[%emt 00:00:18]} Rc4 {[%clk 00:37:34]} {[%emt 00:01:48]}
26. Re3 {[%clk 00:49:18]} {[%emt 00:02:21]} Nb5 {[%clk 00:35:41]} {[%emt
00:02:05]} 27. Nh5 {[%clk 00:47:31]} {[%emt 00:01:50]} Nxd4 {[%clk 00:34:53]}
{[%emt 00:01:02]} 28. Nf6+ {[%clk 00:44:51]} {[%emt 00:02:53]} gxf6 {[%clk
00:31:47]} {[%emt 00:03:19]} 29. Qg4+ {[%clk 00:44:50]} {[%emt 00:00:26]} Kh8
{[%clk 00:31:34]} {[%emt 00:00:08]} 30. Rg3 {[%clk 00:44:33]} {[%emt 00:00:22]}
Nf5 {[%clk 00:31:20]} {[%emt 00:00:34]} 31. Qf3 {[%clk 00:44:12]} {[%emt
00:00:20]} Rc1+ {[%clk 00:30:32]} {[%emt 00:01:09]} 32. Rxc1 {[%clk 00:44:10]}
{[%emt 00:00:04]} Qxc1+ {[%clk 00:30:32]} {[%emt 00:00:14]} 33. Kh2 {[%clk
00:44:10]} Nxg3 {[%clk 00:29:59]} {[%emt 00:00:52]} 34. Qxf6+ {[%clk 00:44:09]}
{[%emt 00:00:06]} Kg8 {[%clk 00:29:59]} 35. fxg3 {[%clk 00:44:09]} b5 {[%clk
00:28:51]} {[%emt 00:01:10]} 36. h4 {[%clk 00:43:49]} {[%emt 00:00:30]} Qc2
{[%clk 00:28:12]} {[%emt 00:00:50]} 37. h5 {[%clk 00:43:44]} {[%emt 00:00:18]}
Qf5 {[%clk 00:28:06]} {[%emt 00:00:24]} 38. Qh6 {[%clk 00:43:44]} {[%emt
00:00:08]} f6 {[%clk 00:27:39]} {[%emt 00:00:55]} 39. g4 {[%clk 00:43:26]}
{[%emt 00:00:11]} Qxg4 {[%clk 00:27:32]} {[%emt 00:00:04]} 40. g3 {[%clk
00:43:26]} {[%emt 00:00:31]} Qg5 {[%clk 00:27:32]} 41. Qxg5+ {[%clk 00:43:26]}
{[%emt 00:00:15]} fxg5 {[%clk 00:27:32]} 42. h6 {[%clk 00:43:26]} d4 {[%clk
00:27:28]} {[%emt 00:00:08]} 43. a4 {[%clk 00:43:26]} d3 {[%clk 00:27:28]}
{[%emt 00:00:18]} 44. axb5 {[%clk 00:43:26]} axb5 {[%clk 00:27:28]} {[%emt
00:00:04]} 45. g4 {[%clk 00:43:26]} d2 {[%clk 00:27:28]} 46. Kh3 {[%clk
00:43:17]} {[%emt 00:00:52]} d1=Q {[%clk 00:26:37]} {[%emt 00:00:23]} 47. Kg3
{[%clk 00:43:17]} {[%emt 00:00:15]} Rf3+ {[%clk 00:26:33]} {[%emt 00:00:10]} 48.
Kg2 {[%clk 00:43:11]} {[%emt 00:00:16]} Qe2+ {[%clk 00:26:33]} {[%emt
00:00:07]} 49. Kh1 {[%clk 00:43:07]} {[%emt 00:00:24]} Rf1# 0-1